000 00985nam a22003257a 4500
001 BR8107273
003 BR-BrBNA
005 20230928091110.0
007 ta
008 230509b bl.||||| |||| 00| 0 por d
040 _aBR-BrBNA
_bpor
_cBiblioteca Nacional de Agricultura
041 _a(Por)
072 _aE30; L00
_b5214
_b/G514
090 _ 5214 BR8107273
100 1 _aMeireles, R.N.
100 1 _aMiranda, T. de M.B.M.
110 1 _aBanco de Desenvolvimento do Estado do Maranhao S.A., Sao Luis (Brasil)
_91087
245 1 _aPrograma de pecuaria de grande porte - PROPEG: Subprograma 1 - Bovinocultura de leite [Maranhao, Brasil]
260 3 _aSao Luis, MA (Brasil):
_c1981.
300 _a36 p.
500 _a13 tables
650 _aPROJETO DE DESENVOLVIMENTO
650 _aASSISTENCIA TECNICA
650 _aFINANCIAMENTO
650 _aCREDITO RURAL
650 _aGADO LEITEIRO
650 _aMARANHAO
909 _a202309
_bLucia
_c55
_dLucia Elande
942 _cBK
999 _c32216
_d32216